logo

Bir Sreshtho Munshi Abdur Rouf Library
Jhenaidah Cadet College

Advanced Practical Geography / (Record no. 4797)

MARC details
000 -LEADER
fixed length control field 00552nam a2200217 a 4500
001 - CONTROL NUMBER
JCCL Control Number 4797
003 - CONTROL NUMBER IDENTIFIER
JCCL marc code BD-JhCC
005 - DATE AND TIME OF LATEST TRANSACTION
control field 20171203175224.0
008 - FIXED-LENGTH DATA ELEMENTS--GENERAL INFORMATION
fixed length control field 171203s1968 b|||| |||| 00| 0 eng d
035 ## - SYSTEM CONTROL NUMBER
system control number (BD-JhCC)
040 ## - CATALOGING SOURCE
Original cataloging agency BD-JhCC
Modifying agency BD-JhCC
041 ## - LANGUAGE CODE
Language code of Book eng
082 ## - DEWEY DECIMAL CLASSIFICATION NUMBER
Classification number 910.711
Author mark and Year GUE 1968
100 ## - MAIN ENTRY--PERSONAL NAME
Personal name Guest, Arthur
245 ## - TITLE STATEMENT
Title Advanced Practical Geography /
Statement of responsibility, etc Arthur Guest
260 ## - PUBLICATION, DISTRIBUTION, ETC. (IMPRINT)
Place of publication, distribution, etc London :
Name of publisher, distributor, etc Heinemann Educational Book,
Date of publication, distribution, etc 1968
300 ## - PHYSICAL DESCRIPTION
Pagination 103 p. :
Other physical details ill. ;
Dimensions 28cm.
650 ## - SUBJECT ADDED ENTRY--TOPICAL TERM
Topical term or geographic name as entry element Geography
942 ## - ADDED ENTRY ELEMENTS (KOHA)
Source of classification or shelving scheme Dewey Decimal Classification
Koha item type Books
Holdings
Source of classification or shelving scheme Damaged status Not for loan Home library Current library Shelving location Date of accession Total Checkouts Full call number Barcode Date last seen Copy number Koha item type
Dewey Decimal Classification     JCC Rouf Library JCC Rouf Library General Stacks 12/03/2017   910.711 GUE 1968 6634 12/03/2017 C - 1 Books

JCC Library | Contacts | JCC Home

Last Update on 23 September 2017
Copyright @ 2017-2020 JCC Rouf Library
Rouf Library, Jhenidah Cadet College (JCC), Bangladesh